000 00630nam a2200241 i 4500
001 C2-0122099
003 PPAK
005 20180727113527.0
008 970820s1993 nyua|||| ||||| | eng d
020 _a0027149307
040 _aPPAK
_beng
_cPPAK
_erda
082 0 4 _a823
_223
090 0 0 _a823
_bBRO
_dK
100 1 _aBrown, Ken,
_eauthor
245 1 0 _aNellie's knot
264 1 _aNew York :
_bFour Winds ,
_c1993
300 _a[25 pages] :
_bcolour illustrations ;
_c24 cm
336 _2rdacontent
_atext
337 _2rdamedia
_aunmediated
338 _2rdacarrier
_avolume
650 1 0 _aEnglish fiction
942 _ddc
_cB
999 _c34957
_d34957